000 00473nam a22001697a 4500
999 _c19298
_d19298
003 AR-CdUCM
008 190517b ||||| |||| 00| 0 spa d
040 _aMUNICIPALIDAD PROVINCIAL DEL CUSCO
_cBIBLIOTECA MUNICIPAL DEL CUSCO
082 _a828.9 /
_bD77
100 _aDoyle, Conan
_940560
245 _aLa casa Girdlestone /
300 _a272 páginas ;
_c19 cm.
500 _ale falta portada al texto.
505 _aLiteratura.
942 _2ddc
_cLIBROS
945 _awfj